000 01202 a2200205 4500
020 _a0071426523
020 _a9780071426527
082 0 4 _a332.632042
090 _c3027
_d3027
100 1 _aLuca, Cornelius.
245 1 0 _aTechnical analysis applications /
_cCornelius Luca.
250 _a1st ed.
260 _a[S.l.] :
_bMcGraw-Hill,
_c2004.
300 _a329 p. ;
_c24 cm.
500 _aHardcover.
520 _aWhile investors are naturally curious about the documented successes of technical analysis, many find themselves stymied by the density of most books on the subject. Technical Analysis Applications is one of the first books to make the entire subject cohesive, practical, and understandable. It covers the use of technical analysis in a variety of markets—stocks, futures, bonds, and currencies—and situations, and provides in-depth details on trends and trend patterns, characteristics and uses of popular charts, and much mo
856 _3Amazon.com
_uhttp://www.amazon.com/exec/obidos/ASIN/0071426523/chopaconline
856 _3Amazon customer reviews
_uhttp://www.chopac.org/cgi-bin/tools/azrev.pl?q=0071426
942 _aNBS
_cBK
_k332.632042 LUC
999 _c345517
_d345517